Complex modeling of inventory management in reverse logistics
Kvôli množstvu procesov, ktoré je nutné sledovať pri riadení zásob, je vhodné na ich modelovanie využívať simulačné modelovanie. Simulačné modelovanie. Algoritmus modelu. Model riadenia zásob. Efektívnosť využitia princípov reverznej logistiky v procesoch riadenia zásob.
Gespeichert in:
| 1. Verfasser: | |
|---|---|
| Format: | Buchkapitel |
| Sprache: | Slowakisch |
| Schlagworte: | |
| Tags: |
Keine Tags, Fügen Sie das erste Tag hinzu!
|
MARC
| LEADER | 00000nla$a2200000$$$4500 | ||
|---|---|---|---|
| 001 | 0114305 | ||
| 005 | 20240502072256.0 | ||
| 041 | 0 | |a slo | |
| 044 | |a SK | ||
| 245 | 1 | 0 | |a Complex modeling of inventory management in reverse logistics |c Pavel Gežík |
| 520 | |a Kvôli množstvu procesov, ktoré je nutné sledovať pri riadení zásob, je vhodné na ich modelovanie využívať simulačné modelovanie. Simulačné modelovanie. Algoritmus modelu. Model riadenia zásob. Efektívnosť využitia princípov reverznej logistiky v procesoch riadenia zásob. | ||
| 610 | 2 | 0 | |a modely simulačné |
| 610 | 2 | 0 | |a riadenie zásob |
| 610 | 2 | 0 | |a logistika reverzná |
| 100 | 1 | |a Gežík, Pavel, 1983- | |